Księga strachów (Запис № 458291)

МАРК-запис
000 -Лідер
fixed length control field 01426 a2200265 4500
001 - Контрольний номер
control field 5148473
003 - Ідентифікатор контрольного номера
control field UA-OsUOA
005 - Дата та час останнього входження (трансакції)
control field 20260318160236.0
008 - Елементи даних фіксованої довжини – загальна інформація
fixed length control field 200228b pl ||||| |||| 00| 0 pol d
020 ## - Міжнародний стандартний книжковий номер (ISBN)
Міжнародний стандартний книжковий номер (ISBN) (НП) 9788375689143
040 ## - Джерело каталогізації
Агенція оригінальної каталогізації UA-OsUOA
Мова каталогізації pol
Агенція, яка здійснювала перезапис UA-OsUOA
Агенція, яка здійснювала модифікацію UA-OsUOA
041 ## - Код мови
Код мови тексту/ звукової доріжки чи окремого заголовка (П) pol
080 ## - Індекс Універсальної десяткової класифікації
Індекс Універсальної десяткової класифікації (УДК) (НП) 821.162.1
090 ## - Локальний шифр розміщення
Класифікаційний індекс УДК 821.162.1
Авторський знак (НП) N60
100 ## - Основне введення – ім’я особи
Ім’я особи (НП) Nienacki Z.
9 (RLIN) 24532
245 ## - Відомості про назву
Назва (НП) Księga strachów
Дані про відповідальність (НП) Zbigniew Nienacki
260 ## - Публікація, розповсюдження і т.п. (Вихідні дані)
Ім’я/ наймення видавництва, розповсюджувача і т.п. (П) Siedmioróg
Дата публікації, розповсюдження і т.п. (П) 2012
Місце публікації, розповсюдження і т.п. (П) Wrocław
300 ## - Фізичний опис
Обсяг 320 s.
490 ## - Область серії
Назва серії Pan Samochodzik
520 ## - Резюме і т.п.
Резюме, реферат, анотація, тощо (НП) Tytulowy bohater, pan Tomasz, tym razem poszukuje pamietnika niemieckiego oficera z czasów II wojny swiatowej. Po raz kolejny towarzysza mu trzej dzielni harcerze: Wiewiórka, Sokole Oko i Wilhelm Tell, a przeciwnicy jak zwykle sa okrutni i bezwzgledni. Kim oni sa? Komu jeszcze zalezy na odnalezieniu kompromitujacych wyznan zbrodniarza wojennego? I kto pierwszy odnajdzie kryjówke sprzed lat?<br/><br/>Przygody Pana Samochodzika to od kilkudziesieciu lat obowiazkowa lektura mlodych wielbicieli sensacji. Juz miliony czytelników doskonale znaja dziwaczny samochód i jego wlasciciela - specjaliste od ratowania skarbów i rozwiazywania zagadek z przeszlosci.
650 ## - Додаткове предметне введення – тематичний термін
Джерело заголовка чи терміна UDC
Тематичний термін чи географічна назва, як елемент введення (НП) 821.162.1 Польська література
9 (RLIN) 1887
942 ## - Додаткові елементи входу (Коха)
Тип елемента Koha Книги
Source of classification or shelving scheme Universal Decimal Classification
955 ## - Код типу видання за змістом
Код типу видання за змістом (НП) Літературно-художні видання
Фонди
Стан вилучень Стан втрат Джерело класифікації або схеми стелажів Стан уражень Не для кредиту Постійне місце розташування Поточне розміщення Дата придбання Джерело придбання Вартість, звичайна ціна покупки Усього замовленно Повний номер виклику Штрих-код Дата останнього перегляду Дата останньої перевірки Вартість, ціна заміни Ціна ефективна від Тип елемента Koha
    Universal Decimal Classification     ВІЛ - Відділ іноземн. літератури НБ ВІЛ - Відділ іноземн. літератури НБ 28/02/2020 №2/2020 20.00 1 821.162.1 N60 216833 22/12/2025 05/09/2025 20.00 28/02/2020 Книги